Tilastot visalle Valtioiden lippuja #2

Klikkaa tästä pelataksesi tätä visaa!

Yleistilastot

  • Tätä visaa on pelattu 2 248 kertaa
  • Keskiarvotulos 17 / 20

Vastaustilastot

Vastaus% Oikein
Saksa
100%
Espanja
99%
Suomi
97%
Islanti
96%
Tanska
96%
Etelä-Korea
95%
Sveitsi
95%
Turkki
93%
Ukraina
91%
Intia
89%
Argentiina
86%
Kypros
84%
Itävalta
84%
Thaimaa
80%
Saudi-Arabia
79%
Chile
69%
Vietnam
68%
Uruguay
62%
Taiwan
51%
Kambodža
45%

Tulosjakauma

Persentiili vastausten määrän mukaan

Jokaisen tuloksen saaneiden osuus

Tuloshistoriasi

Et ole pelannut tätä visaa